000 00403nam a2200181Ia 4500
005 20240823010144.0
008 240823s9999||||xx |||||||||||||| ||und||
041 _aENGLISH
082 _A620.1 N8
100 _aPrabhu T J
245 0 _aMachanics of Soilds
250 _a1st
260 _c1998
_b"Kasthuri,Madras"
500 _aYES
650 _aPhysics
_bPhysics
942 _cBK
999 _c157802
_d157802